000 00641nam a2200217 i 4500
001 10106
003 ES-MaACL
005 20230906145823.0
008 950213s1994 sp ||||1| spa d
020 _a84-7509-987-4
080 _a1(081) Popper, Karl Raimund
100 1 _aPopper, Karl Raimund.
_993108
245 1 0 _aEn busca de un mundo mejor /
_cKarl Popper.
250 _a[1ª ed.].
260 _aBarcelona [etc.] :
_bPaidós,
_c1994.
300 _a314 p. ;
_c23 cm.
490 1 _aPaidós estado y sociedad ;
_v21
830 0 _aPaidós estado y sociedad ;
_v21
_9178635
852 _aES-MaACL
_jL-17570
999 _c10106
_d10106